| 000 | 00933nmm a2200301 a 4500 | ||
|---|---|---|---|
| 003 | AR-BaBNM | ||
| 005 | 20251128203322.0 | ||
| 008 | 107019s1926 ||||||||||||||000 | spa|| | ||
| 040 | _cAR-BaBNM | ||
| 100 | 1 |
_aLópez, Vicente Fidel _d1815-1903 |
|
| 245 | 1 | 0 |
_aHistoria de la Argentina _bsu origen, su revolución y su desarrollo político hasta 1852. 1 |
| 250 | _a4ª ed. | ||
| 260 |
_aBuenos Aires _bLa Facultad _c1926 |
||
| 300 | 0 | _a585 p. | |
| 500 | 0 | _aContiene apéndice para consultar p. 539-585 | |
| 600 | 1 | 4 |
_aLiniers y Bremond, Santiago de _d1753-1810 |
| 600 | 1 | 4 | _aSobremonte, Rafael de |
| 600 | 1 | 4 |
_aCevallos, Pedro de _d1776-1778 |
| 600 | 0 | 4 | _aPopham |
| 650 | 4 | _aPERIODO HISPANICO | |
| 650 | 4 | _aVIRREINATO DEL RIO DE LA PLATA | |
| 650 | 4 | _aINVASIONES INGLESAS | |
| 650 | 4 | _aRECONQUISTA DE BUENOS AIRES | |
| 650 | 4 | _aREVOLUCION | |
| 650 | 4 | _aTRATADO DE LIMITES DE 1750 | |
| 942 | _cBK | ||
| 998 | _cmariana | ||
| 999 |
_c2872 _d2872 |
||